000 00792nam a22002297a 4500
001 24133
003 HDC
008 220526b ||||| |||| 00| 0 eng d
040 _aHDC
245 0 _a7,426 sijil halal JAKIM dikeluarkan sejak Januari lalu
260 _aKuala Lumpur :
_bThe New Straits Times Press (M) Bhd.,
_c2018
336 _atext
_2rdacontent
337 _acomputer
_2rdamedia
338 _aonline resource
_2rdacarrier
650 _aHalal certification
_9753
650 _aHalal products
_9642
710 _aBerita Harian
_eissuing body
856 _zRequest full-text at [email protected]
942 _2lcc
942 _cNEWS
942 _kNWSC 000516
999 _c21448
_d21448